Pina čarodějka : začarovaný les /
Pohádkový příběh mladé čarodějky Piny, která se vydává na své první dobrodružství, ale její kouzla často selhávají. Společně s poníkem Jeníkem však musí zachránit kouzelný les.
Uloženo v:
| Hlavní autor: | |
|---|---|
| Další autoři: | , |
| Médium: | Kniha |
| Jazyk: | Czech |
| Vydáno: |
Praha :
Bambook,
2026
|
| Vydání: | První vydání |
| Témata: | |
| Celkem bylo vypůjčeno: | 0x |
| Tagy: |
Žádné tagy |
| LEADER | 02381nam a2200481 i 4500 | ||
|---|---|---|---|
| 001 | 106454 | ||
| 003 | CZ PrNK | ||
| 005 | 20260603082122.0 | ||
| 007 | ta | ||
| 008 | 260520s2026 xr a b 000 j cze | ||
| 015 | |a cnb003758821 | ||
| 020 | |a 9788027157679 |q (vázáno) : |c Kč 269,00 | ||
| 040 | |a ABG001 |b cze |e rda | ||
| 041 | 1 | |a cze |h ger | |
| 072 | 7 | |a 821.112.2-3 |x Německá próza, německy psaná |2 Konspekt |9 25 | |
| 072 | 7 | |a 821-93 |x Literatura pro děti a mládež (beletrie) |2 Konspekt |9 26 | |
| 080 | |a 821.112.2-32 |2 MRF | ||
| 080 | |a 821-93 |2 MRF | ||
| 080 | |a (0:82-32) |2 MRF | ||
| 100 | 1 | |a Jablonski, Marlene, |d 1978- |7 xx0071422 |4 aut |9 17799 | |
| 240 | 1 | 0 | |a Magische Freundschaft. |l Česky |
| 245 | 1 | 0 | |a Pina čarodějka : |b začarovaný les / |c Marlene Jablonská ; ilustrace Eleni Livaniosová ; překlad Eva Kadlecová |
| 246 | 3 | 0 | |a Začarovaný les |
| 250 | |a První vydání | ||
| 264 | 1 | |a Praha : |b Bambook, |c 2026 | |
| 300 | |a 143 stran : |b ilustrace ; |c 23 cm | ||
| 336 | |a text |b txt |2 rdacontent | ||
| 337 | |a bez média |b n |2 rdamedia | ||
| 338 | |a svazek |b nc |2 rdacarrier | ||
| 500 | |a Přeloženo z němčiny | ||
| 520 | 2 | |a Pohádkový příběh mladé čarodějky Piny, která se vydává na své první dobrodružství, ale její kouzla často selhávají. Společně s poníkem Jeníkem však musí zachránit kouzelný les. |b Pina konečně začíná život plný dobrodružství a dobrých skutků! Nejdřív ale musí složit zkoušku mladých čarodějek. Jenže Pina svá kouzla často poplete. Přitom si nepřeje nic víc než pomáhat ostatním svou magií! Když v kouzelném lese potká rozpustilého poníka Jeníka, společně zjistí, že s lesem je něco v nepořádku. Nakladatelská anotace. Kráceno. | |
| 521 | 8 | |a Pro čtenáře od 8 let | |
| 655 | 7 | |a německé příběhy |7 fd132944 |2 czenas |9 53751 | |
| 655 | 7 | |a publikace pro děti |7 fd133156 |2 czenas |9 23 | |
| 655 | 9 | |a German stories |2 eczenas | |
| 655 | 9 | |a children's literature |2 eczenas | |
| 700 | 1 | |a Livanios, Eleni, |d 1975- |7 xx0251324 |4 ill |9 111507 | |
| 700 | 1 | |a Kadlecová, Eva, |d 1984- |7 xx0103153 |4 trl |9 28362 | |
| 710 | 2 | |a Bambook (nakladatelství) |7 ko20251277654 |4 pbl |9 117206 | |
| 910 | |a UOG502 | ||
| 942 | |2 ddc |c KN | ||
| 999 | |d 106454 | ||
| 993 | |0 0 |1 421180107170 |2 ddc |4 0 |6 M |7 0 |9 99886 |b 0 |c 107170 |d 2026-06-03 |e 0 |f M |g M |h 269.00 |i Koupě |l M |r 2026-06-03 |t 8 |w 2026-06-03 |y KN |z BELET |n | ||